000 00864 a2200229 4500
008 240605b mp ||||| |||| 00| 0 mon d
020 _a978-99929-0-982-Х
035 _a2683
040 _aHE0623081
_bmon
_cMN-UlNLM
_dMN-UlNLM
_erda
041 _amon
042 _a12956
084 _2NNA
_a84.8(2Орос)
_bС.418
100 _aВадим Селин
245 0 _aБолзооны хуваарь
264 _aУБ.
_bМонсудар
_c2009
300 _a152х.
336 _2rdacontent
_atext
_btxt
337 _2rdamedia
_aunmediated
_bn
338 _2rdacarrier
_avolume
_bnc
650 _aПоляна тэнгист хөвөх нэгэн лонхыг олов.Тэрхүү лонхонд дурлалдаа шатсан үл таних нэгэн хөвгүүний захидал байлаа.Ганцаардалд автса...
942 _2NNA
_cBK
999 _c875203
_d875260